000 00934nmm a2200289 a 4500
001 ocm0001703222
003 TR-IsHL
005 20201028170254.0
008 180121s2017 tu tur
007 cr cn
020 _a9786051291871
035 _a1703222
_b(N$T)
050 0 4 _aPL248.K87
_bT35 2017
090 0 4 _aPL248.K87
_bT35 2017
100 1 _aKurtcan, Ülker
245 1 0 _aTakım ruhu: başlangıç
_h[electronic resource] /
_cÜlker Kurtcan ; editör Osman Tatlı
260 _aİstanbul :
_bAkis Kitap,
_c2017
300 _a204 p.
500 _aDış kapakta : Polisiye ve macera
_x
650 4 _aDil ve Edebiyat
650 4 _aLanguage and Literature
650 0 _aTürk romanı
650 0 _aTurkish fiction
650 7 _aLITERARY COLLECTIONS / Middle Eastern
_2bisacsh
700 1 _aTatlı, Osman
856 4 0 _uhttp://search.ebscohost.com/login.aspx?direct=true&scope=site&db=e011xww&AN=1703222
999 _c16182
_d16182